| 000 | 00395nam a2200157Ia 4500 | ||
|---|---|---|---|
| 008 | 210210b1994 xxu||||| |||| 00| 0 eng d | ||
| 020 | _a81 7201 780 4 | ||
| 082 | _a820.923 DEVN | ||
| 100 | _aDEV (Amiya) Ed | ||
| 245 | _aNarrative: a seminar. | ||
| 260 |
_aNew Delhi. _bSahitya Akademi _c1994 |
||
| 300 | _axii,342 | ||
| 650 | _aNarrative | ||
| 690 | _aEnglish Literature | ||
| 906 | _a051853 | ||
| 999 |
_c100203 _d100203 |
||